Construmat 2015 - Conference about Structural Materials : sborník příspěvků z 21. mezinárodní konference o stavebních materiálech. Brno, ČR, 10. - 12. 6. 2015

Salvato in:
Dettagli Bibliografici
Ente Autore: Construmat 2015 Brno, Česká republika
Natura: Atti del Convegno Libro
Lingua:ceco
slovacco
Pubblicazione: Brno : Vysoké učení technické v Brně - Stavební fakulta, 2015
Edizione:1. vyd.
Tags: Aggiungi Tag
Nessun Tag, puoi essere il primo ad aggiungerne!!

MARC

LEADER 00000nam a22000003a 4500
001 0005385
003 SK-STU
005 20150630092424.7
007 ta
008 150616s ----xo-----e------100-0-----d
020 |a 978-80-214-5205-3 
040 |a STU  |b slo 
041 0 |a cze  |a slo 
044 |a xr 
111 2 |a Construmat 2015  |n 21.  |d 10. - 12. 6. 2015  |c Brno, Česká republika 
245 1 0 |a Construmat 2015 - Conference about Structural Materials :  |h elektronický zdroj  |b sborník příspěvků z 21. mezinárodní konference o stavebních materiálech. Brno, ČR, 10. - 12. 6. 2015 
250 |a 1. vyd. 
260 |a Brno :  |b Vysoké učení technické v Brně - Stavební fakulta,  |c 2015 
300 |a CD-ROM 
500 |a zborník bol recenzovaný 
996 |c V* 594/A  |l VV15  |s P  |a 0  |w 0005385_0001